| 000 | 00619nam a2200157 a 4500 | ||
|---|---|---|---|
| 005 | 20140414131855.0 | ||
| 008 | 100817s19uu xx 00 eng d | ||
| 050 |
_aM 947 _bH21 1999 |
||
| 100 | _aHarvey, Miles | ||
| 245 | _aLook what came from Russia. | ||
| 260 |
_aNew York : _bFranklin Watts. |
||
| 520 | _aDescribes many things that originally cam from Russia, including inventions, sports and games, food, fashion, musical instruments, animal arts and crafts, and words | ||
| 650 |
_aRussia _xCivilization _xJuvenile literature |
||
| 650 |
_aCivilization _xRussia influences _xJuvenile literature |
||
| 999 |
_c110408 _d110408 |
||